[Event "Open Oberwart  2001"]
[Site "Oberwart (Burgenland/Austria)"]
[Date "2001.07.11"]
[Round "5"]
[White "Diermair, Andreas"]
[Black "Karall, Lorenz"]
[Result "1-0"]
[WhiteElo "2254"]
[BlackElo "2095"]
[PlyCount "105"]
[EventDate "2001.07.11"]

1. e4 d6 2. d4 Nf6 3. Nc3 g6 4. Bc4 Bg7 5. Qe2 e5 6. dxe5 dxe5 7. Bg5 c6 8. Rd1
Qc7 9. f4 Bg4 10. Nf3 O-O 11. h3 Bxf3 12. Qxf3 Nbd7 13. O-O exf4 14. Bxf4 Ne5
15. Qf2 b5 16. Bb3 Rae8 17. Kh1 Kh8 18. Qd4 a5 19. a3 Qe7 20. Bg5 h6 21. Bh4 g5
22. Bg3 Nh5 23. Bh2 Nf4 24. Qe3 Ne6 25. a4 b4 26. Ne2 Rd8 27. Bg1 Rxd1 28. Rxd1
{ } 28... Nf4 29. Nxf4 gxf4 30. Qxf4 Ng6 31. Qe3 Re8 32. Re1 Kg8 33. Rf1 Rf8
34. Bc4 Qe5 35. b3 Kh7 36. Rf5 Qa1 37. Bxf7 Nh8 38. Be6 Ng6 39. Rxf8 Nxf8 40.
Bf5+ Kh8 41. e5 Qf1 42. Bd3 Qf7 43. e6 Qxe6 44. Qxe6 Nxe6 45. Bb6 Bd4 46. Bxa5
Bc5 47. Be4 Nd4 48. Bc7 Ba7 49. a5 Kg7 50. Bb6 Nb5 51. Bxc6 Bxb6 52. axb6 Nd6
53. b7 1-0

[Event "Open Oberwart  2001"]
[Site "Oberwart (Burgenland/Austria)"]
[Date "2001.07.11"]
[Round "5"]
[White "Schneider, Martin"]
[Black "Angerer, Michael"]
[Result "0-1"]
[WhiteElo "2157"]
[BlackElo "2036"]
[PlyCount "32"]
[EventDate "2001.07.11"]

1. e4 e6 2. d4 d5 3. e5 c5 4. c3 Qb6 5. Nf3 Bd7 6. Nbd2 Nc6 7. Nb3 c4 8. Nbd2
f6 9. Nh4 O-O-O 10. Qh5 fxe5 11. dxe5 Bc5 12. Qe2 Nxe5 13. Qxe5 Bxf2+ 14. Kd1
Bxh4 15. Qxg7 Ba4+ 16. Ke2 16... Qf2# { } 0-1

[Event "Open Oberwart  2001"]
[Site "Oberwart (Burgenland/Austria)"]
[Date "2001.07.12"]
[Round "6"]
[White "Fercec, Nenad"]
[Black "Eingorn, Vereslav"]
[Result "0-1"]
[WhiteElo "2456"]
[BlackElo "2598"]
[PlyCount "156"]
[EventDate "2001.07.12"]

1. e4 c5 2. Nf3 g6 3. d4 Bg7 4. dxc5 Qa5+ 5. Nc3 Bxc3+ 6. bxc3 Qxc3+ 7. Bd2
Qxc5 8. Bd3 d6 9. O-O Nf6 10. Bh6 Ng4 11. Bg7 Rg8 12. Bd4 Qc7 13. h3 Ne5 14.
Nxe5 dxe5 15. Be3 Nc6 16. Rb1 Be6 17. Qc1 g5 18. Rb5 Rg6 19. Be2 h6 20. Rd1 b6
21. Bh5 Bc4 22. Bxg6 Bxb5 23. Bh5 Rd8 24. h4 gxh4 25. Re1 Nd4 26. c3 Ne6 27.
Bxh6 Bc4 28. a4 Qd6 29. a5 Nf4 30. Bxf4 exf4 31. axb6 axb6 32. e5 Qh6 33. Bf3
b5 34. Re4 Bd5 35. Qxf4 Qxf4 36. Rxf4 Bxf3 37. Rxf3 Rd5 38. Rh3 Rc5 39. Rxh4
Rxc3 40. Rb4 Rc5 41. f4 Kd7 42. Kf2 Kc6 43. Ke3 Rc4 44. Rxc4+ bxc4 45. Kd4 Kb5
46. g4 Kb4 47. e6 fxe6 48. g5 c3 49. Kd3 Kb3 50. g6 c2 51. g7 c1=Q 52. g8=Q
Qc3+ 53. Ke2 Qc4+ 54. Ke3 Qc3+ 55. Ke2 55... Qc6 { } 56. Qd8 Qe4+ 57. Kf2 Qxf4+
58. Ke2 Qe5+ 59. Kf2 Qd6 60. Qc8 Kb4 61. Qb7+ Kc4 62. Qe4+ Kc5 63. Qc2+ Kb6 64.
Qb3+ Kc7 65. Qc3+ Kd7 66. Qe3 Ke8 67. Kg1 e5 68. Qg5 Kf8 69. Qf5+ Kg7 70. Qc8
Qf6 71. Kh1 e4 72. Qg4+ Qg6 73. Qg3 Kh7 74. Qc7 Qg5 75. Qd7 e3 76. Qh3+ Qh6 77.
Kg1 e2 78. Qg3 Qc1+ 0-1

[Event "Open Oberwart  2001"]
[Site "Oberwart (Burgenland/Austria)"]
[Date "2001.07.12"]
[Round "6"]
[White "Burmakin, Vladimir"]
[Black "Krivoshey, Sergei"]
[Result "1/2-1/2"]
[WhiteElo "2593"]
[BlackElo "2449"]
[PlyCount "102"]
[EventDate "2001.07.12"]

1. d4 d5 2. Nf3 Nf6 3. c4 c6 4. e3 Bg4 5. cxd5 Bxf3 6. Qxf3 cxd5 7. Nc3 e6 8.
Bd2 Nc6 9. Bb5 Bd6 10. O-O O-O 11. Rfc1 Rc8 12. Bd3 Re8 13. Qh3 a6 14. f4 g6
15. Qh4 Nd7 16. Qxd8 Rexd8 17. Kf2 Nb6 18. a3 f5 19. b3 Rc7 20. h3 Rdc8 21. Ne2
Nd7 22. Ke1 Nf6 23. Kd1 Kf7 24. Ng1 Ne4 25. Be1 h6 26. Nf3 Nb8 27. Rxc7+ Rxc7
28. Bxe4 dxe4 29. Nd2 Rc6 30. Nc4 Bc7 31. a4 Nd7 32. Rc1 Nf6 33. b4 Nd5 34. Bd2
Bb8 35. b5 axb5 36. axb5 Rc7 37. Ne5+ Kf6 38. Ra1 Re7 39. Nc4 Rc7 40. Ra4 g5
41. g3 Rc8 42. Na5 b6 43. Nc6 Bd6 44. Ra7 Rc7 45. Ra8 gxf4 46. exf4 Rd7 47. Ke2
Nc7 48. Rb8 Nd5 49. Rh8 Kg7 50. Ra8 Kf6 51. Rh8 51... Kg7 {.} 1/2-1/2

[Event "Open Oberwart  2001"]
[Site "Oberwart (Burgenland/Austria)"]
[Date "2001.07.12"]
[Round "6"]
[White "Gleizerov, Evgeny"]
[Black "Gagarin, Vasilij"]
[Result "1/2-1/2"]
[WhiteElo "2587"]
[BlackElo "2431"]
[PlyCount "69"]
[EventDate "2001.07.12"]

1. d4 d5 2. c4 c6 3. Nf3 Nf6 4. Nc3 e6 5. g3 Nbd7 6. Bg2 dxc4 7. a4 Be7 8. e4
O-O 9. Bf4 b5 10. axb5 cxb5 11. Nxb5 Qb6 12. Nc3 Qxb2 13. Bd2 Qb6 14. O-O Bb7
15. Rb1 Qc7 16. Bf4 Qc8 17. Qc2 Rd8 18. Rfd1 Nb6 19. Ne5 Nfd7 20. Nb5 Nxe5 21.
Bxe5 Bc6 22. Nc3 Bb7 23. Nb5 Bc6 24. Nc3 Bb7 25. d5 Nd7 26. Bf4 e5 27. Be3 Bc5
28. Bxc5 Nxc5 29. Nb5 Nd3 30. Bf1 Ba6 31. Bxd3 cxd3 32. Qxc8 Rdxc8 33. Rxd3
Rcb8 34. Rdb3 Bxb5 35. Rxb5 {.} 1/2-1/2

[Event "Open Oberwart  2001"]
[Site "Oberwart (Burgenland/Austria)"]
[Date "2001.07.12"]
[Round "6"]
[White "Ulibin, Mikhail"]
[Black "Freitag, Manfred"]
[Result "1-0"]
[WhiteElo "2583"]
[BlackElo "2384"]
[PlyCount "62"]
[EventDate "2001.07.12"]

1. e4 c5 2. Nf3 d6 3. Bb5+ Nd7 4. d4 Ngf6 5. Nc3 a6 6. Bxd7+ Nxd7 7. O-O e6 8.
Bg5 Qc7 9. dxc5 Qxc5 10. Qd2 b5 11. Rfe1 Bb7 12. a4 b4 13. Na2 a5 14. c3 { }
14... Nf6 15. cxb4 axb4 16. Bxf6 gxf6 17. Nxb4 Rg8 18. Rac1 Qa5 19. Qd4 Be7 20.
Nc6 Qh5 21. Nd2 Bxc6 22. Rxc6 Kd7 23. Qb6 Rgb8 24. Rc7+ Ke8 25. Qc6+ Kf8 26.
Nc4 Rd8 27. Nb6 Ra5 28. Qb7 Re8 29. Nc8 Rc5 30. Nxe7 Rxc7 31. Qxc7 Qc5 1-0

[Event "Open Oberwart  2001"]
[Site "Oberwart (Burgenland/Austria)"]
[Date "2001.07.12"]
[Round "6"]
[White "Dobrov, Vladimir"]
[Black "Ruck, Robert"]
[Result "1/2-1/2"]
[WhiteElo "2409"]
[BlackElo "2573"]
[PlyCount "50"]
[EventDate "2001.07.12"]

1. e4 c5 2. Nf3 d6 3. d4 cxd4 4. Nxd4 Nf6 5. Nc3 a6 6. Be3 Ng4 7. Bg5 h6 8. Bh4
g5 9. Bg3 Bg7 10. h3 Nf6 11. Be2 Qb6 12. Nb3 Be6 13. Qd2 Nbd7 14. f3 Rc8 15.
Bf2 Qc7 16. Nd4 Ne5 17. Nd1 Bc4 18. Nf5 Bf8 19. Nde3 Bxe2 20. Qxe2 e6 21. Nd4
Bg7 22. O-O-O Nc4 23. Nxc4 Qxc4 24. Qxc4 Rxc4 25. Nb3 25... Ke7 {.} 1/2-1/2

[Event "Open Oberwart  2001"]
[Site "Oberwart (Burgenland/Austria)"]
[Date "2001.07.12"]
[Round "6"]
[White "Stanec, Nikolaus"]
[Black "Weiss, Christian"]
[Result "1/2-1/2"]
[WhiteElo "2530"]
[BlackElo "2403"]
[Annotator "FRITZ 6"]
[PlyCount "43"]
[EventDate "2001.07.12"]

1. c4 e5 2. Nc3 Bb4 3. g3 Nf6 4. Nf3 e4 5. Nd4 O-O 6. Bg2 Re8 7. Nc2 Bf8 8. O-O
d6 9. d3 exd3 10. Qxd3 Nc6 11. b3 g6 12. Bb2 Bg7 13. Ne3 h5 14. h3 Bd7 15. Qd2
Qc8 16. Ncd5 Nxd5 17. Nxd5 Bxh3 18. Bxg7 18... Kxg7 { } 19. Qc3+ (19. Bxh3 Qxh3
20. Nxc7 Ne5 (20... h4 21. Nxa8 Rh8 22. Qc3+ Ne5 23. Rfd1 $18) 21. Qd4 Kg8 22.
Qh4 $18) 19... Kh6 20. Qd2+ Kg7 21. Qc3+ Kh6 22. Qd2+ 1/2-1/2

[Event "Open Oberwart  2001"]
[Site "Oberwart (Burgenland/Austria)"]
[Date "2001.07.12"]
[Round "6"]
[White "Loginov, Valery"]
[Black "Zimmerman, Yuri"]
[Result "1-0"]
[WhiteElo "2507"]
[BlackElo "2346"]
[PlyCount "119"]
[EventDate "2001.07.12"]

1. Nf3 Nf6 2. g3 g6 3. c4 Bg7 4. d4 O-O 5. Bg2 d6 6. O-O Nc6 7. Nc3 a6 8. Bg5
h6 9. Bd2 Rb8 10. Rc1 e5 11. d5 Nd4 12. Ne1 c5 13. e3 Nf5 14. Nd3 b5 15. cxb5
axb5 16. b4 Qe7 17. bxc5 dxc5 18. Nb1 e4 19. Nxc5 Rd8 20. Qb3 Nd6 21. Ba5 Re8
22. Nd2 Bg4 23. Rfe1 Rbc8 24. Bb4 Qe5 25. h3 Bf5 26. Bc3 Qe7 27. Bxf6 Bxf6 28.
g4 Qa7 29. gxf5 Rxc5 30. fxg6 fxg6 31. Qb4 Rxd5 32. Rc6 Qa4 33. Qxa4 bxa4 34.
Nxe4 Nxe4 35. Bxe4 Rxe4 36. Rxf6 Rg5+ 37. Kh2 Rb4 38. Re2 Kg7 39. Ra6 Rh4 40.
Rc2 Rf5 41. Rc7+ Rf7 42. Rxf7+ Kxf7 43. f4 Rh5 44. Rxa4 Rc5 45. Kg3 Rc2 46. a3
Re2 47. Re4 Ra2 48. a4 Ra3 49. Kf3 g5 50. fxg5 hxg5 51. h4 gxh4 52. Rxh4 Ke6
53. Rh6+ Kd5 54. a5 Ra1 55. Rh5+ Ke6 56. Kf4 Rf1+ 57. Ke4 Ra1 58. Rh6+ Kd7 59.
a6 Kc7 60. Kf4 {.} 1-0

[Event "Open Oberwart  2001"]
[Site "Oberwart (Burgenland/Austria)"]
[Date "2001.07.12"]
[Round "6"]
[White "Balinov, Ilia"]
[Black "Farago, Ivan"]
[Result "0-1"]
[WhiteElo "2425"]
[BlackElo "2504"]
[PlyCount "84"]
[EventDate "2001.07.12"]

1. e4 e6 2. Nf3 d5 3. Nc3 Nf6 4. e5 Nfd7 5. Ne2 c5 6. c3 c4 7. d4 cxd3 8. Nf4
Nc6 9. Nxd3 Qc7 10. Bf4 g6 11. Qd2 Bg7 12. Qe3 b6 13. O-O-O Ba6 14. Kb1 O-O-O
15. h4 h6 16. Be2 Kb7 17. Rhe1 Ndb8 18. Nd4 Qe7 19. Bg3 h5 20. f4 Qd7 21. Bf2
Nxd4 22. Qxd4 Bf8 23. Bf3 Nc6 24. Qe3 Be7 25. g3 Kb8 26. Qd2 Qc7 27. Rc1 Rc8
28. Red1 Rhd8 29. Qe1 Na5 30. Nb4 Bb7 31. Be2 Ka8 32. Bb5 Nc4 33. Na6 Bxa6 34.
Bxa6 Rb8 35. a4 Qc6 36. b3 Na3+ 37. Kb2 b5 38. axb5 38... Nxb5 { } 39. Ra1 Na3
40. Qe2 Rxb3+ 41. Kxb3 Rb8+ 42. Ka2 Qa4 0-1

[Event "Open Oberwart  2001"]
[Site "Oberwart (Burgenland/Austria)"]
[Date "2001.07.12"]
[Round "6"]
[White "Mohsen, Khaled"]
[Black "Rogulj, Branko"]
[Result "1-0"]
[WhiteElo "2355"]
[BlackElo "2460"]
[PlyCount "59"]
[EventDate "2001.07.12"]

1. d4 Nf6 2. c4 g6 3. Nc3 d5 4. cxd5 Nxd5 5. e4 Nxc3 6. bxc3 Bg7 7. Bc4 Qd7 8.
Qf3 O-O 9. e5 c5 10. Ne2 Nc6 11. Be3 b6 12. Rd1 cxd4 13. cxd4 Bb7 14. e6 Na5
15. Qg4 15... Qc6 { } 16. exf7+ Kh8 17. Be6 Qxg2 18. Qxg2 Bxg2 19. Rg1 Bf3 20.
Rg3 Bh5 21. Nf4 Bxd1 22. Kxd1 g5 23. Rxg5 Nc6 24. Rh5 Bxd4 25. Ng6+ Kg7 26.
Nxf8 Rd8 27. Rxh7+ Kxf8 28. Bxd4 Nxd4 29. Rh8+ Kg7 30. Rg8+ 1-0

[Event "Open Oberwart  2001"]
[Site "Oberwart (Burgenland/Austria)"]
[Date "2001.07.12"]
[Round "6"]
[White "Dvoirys, Semen"]
[Black "Wittmann, Walter"]
[Result "1-0"]
[WhiteElo "2578"]
[BlackElo "2352"]
[PlyCount "93"]
[EventDate "2001.07.12"]

1. e4 c5 2. Nf3 d6 3. d4 cxd4 4. Nxd4 Nf6 5. Nc3 Nc6 6. Bg5 Bd7 7. Qd2 Rc8 8.
Be2 Nxd4 9. Qxd4 Qa5 10. Bd2 a6 11. O-O Qc5 12. Qxc5 Rxc5 13. a4 g6 14. a5 Bg7
15. Bd3 O-O 16. Be3 Rcc8 17. f3 Bc6 18. Ra3 Nd7 19. Rd1 Rfe8 20. Be2 Nc5 21.
Bd4 Bf6 22. Kf2 Ne6 23. Be3 Bg7 24. Rd2 Nc5 25. Nd1 Ne6 26. Bc4 Nc7 27. Ba2 Bd7
28. c4 Ne6 29. Nc3 Bc6 30. Nd5 { } 30... Bxd5 31. exd5 Nc5 32. b4 Nd7 33. Rc2
Rc7 34. Rd3 Rec8 35. Rd1 Ne5 36. Bb6 Rd7 37. Bb3 e6 38. Ba4 Re7 39. c5 exd5 40.
cxd6 Rxc2+ 41. Bxc2 Rd7 42. Rxd5 Nc4 43. Bc7 Nxd6 44. Bxd6 Bf8 45. Bxf8 Rxd5
46. Be4 Rd2+ 47. Ke3 1-0

[Event "Open Oberwart  2001"]
[Site "Oberwart (Burgenland/Austria)"]
[Date "2001.07.12"]
[Round "6"]
[White "Cvitan, Ognjen"]
[Black "Fucak, Emilijo"]
[Result "1-0"]
[WhiteElo "2555"]
[BlackElo "2341"]
[PlyCount "117"]
[EventDate "2001.07.12"]

1. g3 d5 2. Nf3 c6 3. Bg2 Nd7 4. d4 g6 5. O-O Bg7 6. Nbd2 Ngf6 7. c4 O-O 8. b3
dxc4 9. Nxc4 Nb6 10. Nfe5 Ng4 11. Bb2 Nxe5 12. Nxe5 Re8 13. Qc2 Nd7 14. Nc4 Nb6
15. Ne5 Nd7 16. Nd3 e5 17. dxe5 Nxe5 18. Nc5 Ng4 19. Rad1 Qe7 20. Bxg7 Kxg7 21.
Rd2 Nf6 22. Rfd1 Bf5 23. Qc3 { } 23... Kg8 24. Nxb7 Be4 25. Nd6 Bxg2 26. Kxg2
Ne4 27. Nxe4 Qxe4+ 28. f3 Qe6 29. e4 Rac8 30. Rd6 Qe5 31. Qxe5 Rxe5 32. Rc1 Ra5
33. Rc2 Kf8 34. f4 Ke7 35. e5 Ra3 36. g4 g5 37. f5 Ra5 38. f6+ Ke8 39. Rdxc6
Rxc6 40. Rxc6 Rxe5 41. Ra6 Re4 42. h3 Rf4 43. a3 Kd8 44. b4 Kc8 45. Rxa7 Rxf6
46. Ra8+ Kb7 47. Ra5 h6 48. Rf5 Rxf5 49. gxf5 f6 50. h4 Kb6 51. a4 Kc6 52. hxg5
hxg5 53. Kf3 Kb6 54. Ke4 Kc6 55. a5 Kb5 56. Kd4 Kc6 57. a6 Kb6 58. b5 Ka7 59.
Kc5 1-0

[Event "Open Oberwart  2001"]
[Site "Oberwart (Burgenland/Austria)"]
[Date "2001.07.12"]
[Round "6"]
[White "Dueckstein, Andreas"]
[Black "Lalic, Bogdan"]
[Result "0-1"]
[WhiteElo "2316"]
[BlackElo "2528"]
[PlyCount "48"]
[EventDate "2001.07.12"]

1. e4 e5 2. Nf3 Nc6 3. d4 exd4 4. Nxd4 Bc5 5. Be3 Qf6 6. c3 Nge7 7. Bc4 O-O 8.
O-O Ne5 9. Be2 Qg6 10. Nd2 d6 11. f3 d5 12. Qe1 dxe4 13. Nxe4 Nd5 14. Bf2 Bb6
15. Kh1 c6 16. Qd2 f5 17. Ng3 f4 18. Ne4 Bf5 19. Nxf5 Rxf5 20. c4 Bxf2 21. Rxf2
Ne3 22. Qc3 Qe6 23. b3 23... Rff8 { } 24. g3 fxg3 0-1

[Event "Open Oberwart  2001"]
[Site "Oberwart (Burgenland/Austria)"]
[Date "2001.07.12"]
[Round "6"]
[White "Kupreichik, Viktor"]
[Black "Diermair, Andreas"]
[Result "1-0"]
[WhiteElo "2443"]
[BlackElo "2254"]
[PlyCount "65"]
[EventDate "2001.07.12"]

1. e4 e5 2. Bc4 Nc6 3. Nf3 Nf6 4. d3 Be7 5. O-O O-O 6. c3 d5 7. exd5 Nxd5 8.
Bb5 f6 9. h3 Be6 10. d4 e4 11. Nfd2 a6 12. Bxc6 bxc6 13. Nxe4 f5 14. Nc5 Bxc5
15. dxc5 f4 16. Nd2 Qe7 17. Re1 Rae8 18. c4 Nb4 19. Nf3 a5 20. Re4 Qxc5 21. a3
Nc2 22. Ra2 Bxc4 23. Rxc4 Qxc4 24. b3 Qxb3 25. Rxc2 Rd8 26. Qe2 Qd5 27. Rd2 Qb5
28. Qe6+ Kh8 29. Ne5 Qb8 30. Nf7+ Rxf7 31. Rxd8+ Qxd8 32. Qxf7 Qd1+ 33. Kh2 {.}
1-0

[Event "Open Oberwart  2001"]
[Site "Oberwart (Burgenland/Austria)"]
[Date "2001.07.12"]
[Round "6"]
[White "Wukits, Rene"]
[Black "Horvath, Peter"]
[Result "0-1"]
[WhiteElo "2269"]
[BlackElo "2441"]
[PlyCount "90"]
[EventDate "2001.07.12"]

1. d4 Nf6 2. Nf3 e6 3. Bg5 d5 4. e3 c5 5. c3 Be7 6. Nbd2 Nc6 7. Bd3 Qc7 8. O-O
Bd7 9. Re1 h6 10. Bh4 c4 11. Bc2 O-O 12. e4 dxe4 13. Nxe4 Nxe4 14. Rxe4 Bxh4
15. Rxh4 b5 16. g4 f6 17. g5 fxg5 18. Nxg5 Rf4 19. Rxf4 Qxf4 20. Ne4 Rf8 21.
Qd2 Qg4+ 22. Ng3 Ne7 23. Re1 Nd5 24. Bd1 Qh4 25. Bc2 Nf4 26. f3 Nh3+ 27. Kg2
Ng5 28. Be4 Qh3+ 29. Kg1 Nxf3+ 30. Bxf3 Rxf3 31. Qg2 Qxg2+ 32. Kxg2 Bc6 33. Kg1
Bd5 34. Nf1 Rd3 35. Kf2 b4 36. Re3 bxc3 37. bxc3 Rd1 38. Re1 Rxe1 39. Kxe1 Kf7
40. Kf2 g5 41. Kg3 h5 42. h4 Kf6 43. Ne3 gxh4+ 44. Kxh4 Kg6 45. a3 45... a6 { }
0-1

[Event "Open Oberwart  2001"]
[Site "Oberwart (Burgenland/Austria)"]
[Date "2001.07.12"]
[Round "6"]
[White "Medvegy, Zoltan"]
[Black "Bannink, Bernard"]
[Result "0-1"]
[WhiteElo "2430"]
[BlackElo "2246"]
[PlyCount "106"]
[EventDate "2001.07.12"]

1. e4 c5 2. Nf3 e6 3. d4 cxd4 4. Nxd4 Qb6 5. Nb3 Qc7 6. Nc3 a6 7. Bd3 Nf6 8.
Qe2 d6 9. f4 Nbd7 10. Bd2 b5 11. a4 b4 12. Na2 a5 13. c3 Nc5 14. Nxc5 dxc5 15.
O-O Be7 16. e5 Nd5 17. f5 exf5 18. Bb5+ Kf8 19. Rae1 Be6 20. Nc1 h6 21. Bd3 g6
22. c4 Nb6 23. g4 Rd8 24. b3 Qd7 25. Be3 Qc8 26. Qf2 f4 27. Bxf4 Kg7 28. Bc2
Nd7 29. Nd3 h5 30. g5 Bh3 31. Bc1 Rhf8 32. Bb2 32... Kg8 { } 33. Nf4 Bxf1 34.
e6 fxe6 35. Rxe6 Ne5 36. Rxe7 Qg4+ 37. Qg3 Nf3+ 38. Kxf1 Rxf4 39. Qxg4 Nxh2+
40. Ke1 Rxg4 41. Be4 Kf8 42. Bf6 Rxe4+ 43. Rxe4 Re8 44. Rxe8+ Kxe8 45. Ke2 Ng4
46. Bb2 Kd7 47. Bg7 Ke7 48. Kf3 Kf7 49. Bh8 Ke6 50. Kf4 Nf2 51. Ke3 Nd1+ 52.
Kf4 Nc3 53. Bg7 Ne2+ 0-1

[Event "Open Oberwart  2001"]
[Site "Oberwart (Burgenland/Austria)"]
[Date "2001.07.12"]
[Round "6"]
[White "Posch, Werner"]
[Black "Danner, Georg"]
[Result "1-0"]
[WhiteElo "2251"]
[BlackElo "2421"]
[PlyCount "64"]
[EventDate "2001.07.12"]

1. e4 c5 2. Nc3 Nc6 3. g3 g6 4. Bg2 Bg7 5. d3 Rb8 6. f4 b5 7. a3 a5 8. Nf3 b4
9. axb4 axb4 10. Ne2 d6 11. O-O e5 12. f5 gxf5 13. Nh4 f4 14. Nf5 Bxf5 15. exf5
Nge7 16. gxf4 Nd4 17. fxe5 Bxe5 18. Nxd4 Bxd4+ 19. Kh1 Qd7 20. Ra6 O-O 21. Bh6
Rfe8 22. Qh5 Bxb2 23. Rg1 Kh8 24. Be4 { } 24... Rg8 25. Qxf7 Rxg1+ 26. Kxg1
Rg8+ 27. Kf1 d5 28. Re6 Qe8 29. Qxe8 Rxe8 30. Bxd5 Bf6 31. Bc4 Bh4 32. f6 Bxf6
1-0

[Event "Open Oberwart  2001"]
[Site "Oberwart (Burgenland/Austria)"]
[Date "2001.07.12"]
[Round "6"]
[White "Steiner, Bruno"]
[Black "Wallner, Joachim"]
[Result "0-1"]
[WhiteElo "2206"]
[BlackElo "2369"]
[PlyCount "54"]
[EventDate "2001.07.12"]

1. e4 c5 2. Nf3 e6 3. d4 cxd4 4. Nxd4 a6 5. Nc3 Qc7 6. Bd3 Nf6 7. O-O b5 8. Kh1
Bb7 9. Qe2 d6 10. a3 Be7 11. Bd2 Nbd7 12. f4 Nc5 13. b4 Nxd3 14. cxd3 Rc8 15.
e5 dxe5 16. fxe5 16... Nd7 { } 17. Nxe6 fxe6 18. Qg4 Nxe5 19. Qxg7 Kd7 20. Bg5
Rce8 21. Ne4 Bxe4 22. dxe4 Rhg8 23. Qxh7 Rxg5 24. a4 Rgg8 25. Rfd1+ Kc8 26.
axb5 Rh8 27. Qg7 Nf3 0-1

[Event "Open Oberwart  2001"]
[Site "Oberwart (Burgenland/Austria)"]
[Date "2001.07.12"]
[Round "6"]
[White "Kiss, Attila"]
[Black "Winiwarter, Felix"]
[Result "1-0"]
[WhiteElo "2361"]
[BlackElo "2141"]
[PlyCount "89"]
[EventDate "2001.07.12"]

1. Nf3 Nf6 2. c4 g6 3. d4 Bg7 4. g3 O-O 5. Bg2 d6 6. O-O Nc6 7. Nc3 a6 8. Bd2
Bg4 9. d5 Na5 10. b3 c5 11. dxc6 Nxc6 12. Rc1 Qd7 13. Bg5 Rad8 14. Qd2 Bh3 15.
Rfd1 Bxg2 16. Kxg2 Qe6 17. Qf4 Nh5 18. Qe4 Qxe4 19. Nxe4 h6 20. Be3 g5 21. Nc3
f5 22. Bb6 Rd7 23. e3 Bxc3 24. Rxc3 e5 25. Ne1 Nf6 26. Rcd3 Ne8 27. Nc2 Kf7 28.
b4 Ke6 29. a4 Nf6 30. Rxd6+ Rxd6 31. Rxd6+ Kxd6 32. Bc5+ Ke6 33. Bxf8 h5 34. b5
{ } 34... Nb8 35. Bb4 g4 36. f3 Nfd7 37. a5 axb5 38. cxb5 Kd5 39. e4+ fxe4 40.
fxg4 hxg4 41. Ne3+ Kd4 42. Kf2 Nc5 43. Ke2 Nd3 44. Ba3 Nc5 45. Bb2# { } 1-0

[Event "Open Oberwart  2001"]
[Site "Oberwart (Burgenland/Austria)"]
[Date "2001.07.12"]
[Round "6"]
[White "Kovacs, Gabor"]
[Black "Kreindl, Helmut"]
[Result "1-0"]
[WhiteElo "2402"]
[BlackElo "2169"]
[PlyCount "53"]
[EventDate "2001.07.12"]

1. c4 e6 2. Nf3 Nf6 3. g3 d5 4. d4 dxc4 5. Bg2 Nc6 6. O-O Rb8 7. b3 cxb3 8.
axb3 Be7 9. Bb2 a6 10. Nc3 O-O 11. e4 b5 12. Qc2 Bb7 13. Rfd1 Nb4 14. Qe2 c6
15. e5 Nfd5 16. Ne4 Qb6 17. Rac1 Rbc8 18. Nc5 Rfd8 19. Nd2 Na2 20. Nde4 Nxc1
21. Bxc1 Qc7 22. Qg4 Kh8 23. Qh5 Rf8 24. g4 Rcd8 25. Rd3 { } 25... g6 26. Qh6
Bxc5 27. Nf6 1-0

[Event "Open Oberwart  2001"]
[Site "Oberwart (Burgenland/Austria)"]
[Date "2001.07.12"]
[Round "6"]
[White "Lendwai, Reinhard"]
[Black "Rudolf, Herbert"]
[Result "1/2-1/2"]
[WhiteElo "2380"]
[BlackElo "2205"]
[PlyCount "82"]
[EventDate "2001.07.12"]

1. Nf3 Nf6 2. d4 g6 3. Bg5 Bg7 4. e3 O-O 5. Nbd2 d6 6. Be2 Nbd7 7. a4 h6 8. Bh4
e5 9. c3 Re8 10. dxe5 Nxe5 11. O-O Nxf3+ 12. Bxf3 d5 13. a5 c6 14. Qa4 a6 15.
Rad1 Qe7 16. Rfe1 g5 17. Bg3 Bf5 18. h3 Ne4 19. Nxe4 Bxe4 20. Be2 Rad8 21. Qb3
Rd7 22. Bg4 Rdd8 23. Rd2 Bg6 24. Red1 f5 25. Bf3 Bf7 26. Qb6 Bf6 27. Be2 Rd7
28. Bd3 Be6 29. Bf1 Red8 30. Bd3 Kg7 31. Kf1 c5 32. Be2 Bf7 33. Bf3 h5 34. h4
g4 35. Be2 Bxh4 36. Bf4 Bf6 37. g3 Be6 38. Kg1 h4 39. gxh4 Bxh4 40. Bf1 Bf6 41.
Bg2 41... Kf7 {.} 1/2-1/2

[Event "Open Oberwart  2001"]
[Site "Oberwart (Burgenland/Austria)"]
[Date "2001.07.12"]
[Round "6"]
[White "Mahdy, Khaled"]
[Black "Novkovic, Julia"]
[Result "1-0"]
[WhiteElo "2348"]
[BlackElo "2148"]
[PlyCount "59"]
[EventDate "2001.07.12"]

1. e4 c5 2. Nf3 d6 3. c3 Nf6 4. Be2 Nc6 5. d4 Nd7 6. O-O g6 7. d5 Nce5 8. Ne1
Nf6 9. f4 Ned7 10. Qc2 Bg7 11. c4 O-O 12. Nf3 Ne8 13. Nc3 a6 14. Be3 Nc7 15. a4
Rb8 16. Qd2 Nf6 17. h3 b5 18. axb5 axb5 19. cxb5 Bd7 20. e5 Nfe8 21. Ra5 Rb7
22. Bc4 Qb8 23. Qe2 e6 24. dxe6 Bxe6 25. Rd1 Bxc4 26. Qxc4 d5 27. Qxc5 Ne6 28.
Qxd5 N8c7 29. Qc6 Nd8 30. Qc4 {.} 1-0

[Event "Open Oberwart  2001"]
[Site "Oberwart (Burgenland/Austria)"]
[Date "2001.07.12"]
[Round "6"]
[White "Hager, Herbert"]
[Black "Zsinka, Laszlo"]
[Result "1-0"]
[WhiteElo "2144"]
[BlackElo "2348"]
[PlyCount "79"]
[EventDate "2001.07.12"]

1. d4 Nf6 2. Nf3 g6 3. c4 Bg7 4. Nc3 O-O 5. e4 d6 6. Be2 Nc6 7. d5 Nb8 8. h3
Nbd7 9. Be3 Nc5 10. Nd2 a5 11. O-O e5 12. dxe6 Nxe6 13. Qc2 Nd7 14. Nb5 Ne5 15.
Rad1 Qh4 16. Nf3 Nxf3+ 17. Bxf3 Be5 18. Bg4 Nf4 19. Bxf4 Bxg4 20. hxg4 Bxf4 21.
g3 Qxg4 22. Nxc7 Rad8 23. Kg2 Be5 24. b3 Qd7 25. Nd5 Rfe8 26. f4 Bg7 27. Rfe1
Qc6 28. Qf2 Re6 29. f5 Re5 30. f6 Bf8 31. Qf4 Rde8 32. Kf3 h5 33. Rd2 Kh7 34.
Qh4 Bh6 35. Rh2 R8e6 36. Ne7 Qd7 37. Nd5 Bg5 38. Qh3 Qe8 39. g4 h4 40. Reh1 {
Klappe.  } 1-0

[Event "Open Oberwart  2001"]
[Site "Oberwart (Burgenland/Austria)"]
[Date "2001.07.12"]
[Round "6"]
[White "Dittmar, Peter"]
[Black "Noordhoek, Henk P"]
[Result "1-0"]
[WhiteElo "2348"]
[BlackElo "2122"]
[Annotator "FRITZ 6"]
[PlyCount "161"]
[EventDate "2001.07.12"]

1. b3 Nf6 2. Bb2 d5 3. Nf3 Bf5 4. e3 e6 5. c4 Nbd7 6. Be2 Bd6 7. Nc3 c6 8. Nh4
Bg6 9. d3 Qe7 10. a3 Rd8 11. Nxg6 hxg6 12. g3 Nh5 13. O-O Qg5 14. f4 Qh6 15.
Bxh5 gxh5 16. Qe2 O-O 17. b4 Qg6 18. e4 dxc4 19. dxc4 Bc7 20. Kh1 Nf6 21. Rad1
Ng4 22. h3 Nh6 23. Qf3 f5 24. e5 Rxd1 25. Rxd1 Rd8 26. Rxd8+ Bxd8 27. Ne2 h4
28. Qd3 Qe8 29. gxh4 Bxh4 30. Bc1 Nf7 31. Be3 a6 32. Ng1 Qd8 33. Qxd8+ Bxd8 34.
Nf3 Nh8 35. Nd4 Kf7 36. Nb3 Ng6 37. Kg2 Nf8 38. Nd2 Nd7 39. c5 a5 40. Nc4 axb4
41. Nd6+ Kf8 42. axb4 b6 43. Nb7 Ke7 44. Nxd8 Kxd8 45. cxb6 Kc8 46. Kg3 Kb7 47.
Kh4 Nxb6 48. Kg5 Nd5 49. Bd2 Ne7 50. Be3 Nd5 51. Bc5 Ka6 52. h4 Kb5 53. Kg6
Nxf4+ 54. Kxg7 Kc4 55. Be3 Nh5+ 56. Kg6 f4 57. Bf2 Ng3 58. Kg5 Ne4+ 59. Kxf4
Nxf2 60. h5 { } 60... Kd5 (60... Nd3+ 61. Ke4 Nf2+ 62. Kf4 62... Nd3+ $11) 61.
h6 Nd3+ 62. Kg5 Nxb4 63. h7 Nd3 64. h8=Q Nxe5 65. Qd8+ Kc5 66. Kf6 Nc4 67. Kxe6
Nb6 68. Qd6+ Kb5 69. Qd3+ Kc5 70. Qe3+ Kb5 71. Qe2+ Kc5 72. Qf2+ Kb5 73. Ke5 c5
74. Kd6 Nc4+ 75. Kd5 Nb6+ 76. Ke4 Na4 77. Qf1+ Kb4 78. Qb1+ Kc4 79. Qa2+ Kb4
80. Kd3 Kb5 81. Qb3+ 1-0